| 000 | 00730nam a2200229 i 4500 | ||
|---|---|---|---|
| 001 | bg | ||
| 100 | 1 |
_aKRUCZALAK, Kazimierz _d(1934- ) |
|
| 245 | 1 | 0 |
_aUmowy w obrocie handlowym krajowym i międzynarodowym : _bkomentarz, wzory, objaśnienia / _cKazimierz Kruczalak. |
| 250 | _aWyd. 3. | ||
| 260 |
_aWarszawa : _bWydawnictwa Prawnicze PWN, _c1999. |
||
| 300 |
_a357, [1] s. : _berr. ; _c24 cm. |
||
| 504 | _aBibliogr. s. 353-[358]. | ||
| 650 | 9 |
_aUmowa _xhandel _zPolska _ystan na 1999 r. |
|
| 655 | _aPodręczniki akademickie | ||
| 020 | _a8387558672 | ||
| 040 | _cBPK | ||
| 041 | 0 | _apol | |
| 080 | _a347.74(438):341.24:339.542](07) | ||
| 920 | _a83-87558-67-2 | ||
| 942 | _cKS | ||
| 008 | s pl f |000 0 pol | ||
| 999 |
_c44323 _d44323 |
||
| 856 |
_uhttp://koha.tu.koszalin.pl/cgi-bin/koha/opac-detail.pl?biblionumber=44323 _yKatalog online BPK |
||